The Anglican Church of Kenya Constitution/ (Record no. 40517)

MARC details
000 -LEADER
fixed length control field 00508nam a22001457a 4500
008 - FIXED-LENGTH DATA ELEMENTS--GENERAL INFORMATION
fixed length control field 120319t xxu||||| |||| 00| 0 eng d
050 ## - LIBRARY OF CONGRESS CALL NUMBER
Classification number BR 1443 .K4
Item number A54 2002
245 ## - TITLE STATEMENT
Title The Anglican Church of Kenya Constitution/
Statement of responsibility, etc The Anglican Church of Kenya
260 ## - PUBLICATION, DISTRIBUTION, ETC. (IMPRINT)
Place of publication, distribution, etc Nairobi
Name of publisher, distributor, etc The Anglican Church of Kenya and Uzima Press
Date of publication, distribution, etc 2002
300 ## - PHYSICAL DESCRIPTION
Extent iii,106p.
500 ## - GENERAL NOTE
General note includes bibliographical references
650 ## - SUBJECT ADDED ENTRY--TOPICAL TERM
Topical term following geographic name as entry element Anglican Church of Kenya
Form subdivision Government
700 ## - ADDED ENTRY--PERSONAL NAME
Personal name Anglican Church of Kenya
942 ## - ADDED ENTRY ELEMENTS (KOHA)
Source of classification or shelving scheme Library of Congress Classification
Item type Book
Holdings
Withdrawn status Lost status Source of classification or shelving scheme Damaged status Not for loan Collection code Home library Current library Shelving location Date acquired Source of acquisition Total Checkouts Full call number Barcode Copy number Price effective from Koha item type
    Library of Congress Classification     Non-fiction Bishop Okullu Memorial Library (Limuru Campus) Bishop Okullu Memorial Library (Limuru Campus) Special Collection 19/03/2012 donation   SPE BR 1443 .K4 A54 2002 030893 1 19/03/2012 Book